Imágenes e imaginación. Iniciación a la docencia (Registro nro. 7064)
[ vista simple ]
| 000 -LEADER | |
|---|---|
| fixed length control field | 00891 a2200229 4500 |
| 001 - CONTROL NUMBER | |
| control field | 60606 |
| 005 - DATE AND TIME OF LATEST TRANSACTION | |
| control field | 20260407155857.0 |
| 008 - FIXED-LENGTH DATA ELEMENTS--GENERAL INFORMATION | |
| fixed length control field | 260407a1995 arg spa d |
| 003 - CONTROL NUMBER IDENTIFIER | |
| control field | AR-UNSa-BCEJYS |
| 040 ## - CATALOGING SOURCE | |
| Original cataloging agency | AR-UNSa-BCEJYS |
| Language of cataloging | spa |
| Transcribing agency | AR-UNSa-BCEJYS |
| 080 ## - UNIVERSAL DECIMAL CLASSIFICATION NUMBER | |
| Universal Decimal Classification number | 371.13 |
| Common auxiliary subdivision | Formación de los profesores y educadores |
| 020 ## - INTERNATIONAL STANDARD BOOK NUMBER | |
| International Standard Book Number | 978-950-13-6185-8 |
| 041 ## - LANGUAGE CODE | |
| Language code of text/sound track or separate title | spa |
| 100 1# - MAIN ENTRY--PERSONAL NAME | |
| Personal name | Edelstein, Gloria |
| 245 10 - TITLE STATEMENT | |
| Title | Imágenes e imaginación. Iniciación a la docencia |
| 264 #1 - PRODUCTION, PUBLICATION, DISTRIBUTION, MANUFACTURE, AND COPYRIGHT NOTICE | |
| Place of production, publication, distribution, manufacture | Buenos Aires : |
| Name of producer, publisher, distributor, manufacturer | Kapelusz |
| Date of production, publication, distribution, manufacture, or copyright notice | 1995 |
| 300 ## - PHYSICAL DESCRIPTION | |
| Extent | 109 p. |
| Dimensions | 22 cm. |
| 505 ## - FORMATTED CONTENTS NOTE | |
| Formatted contents note | 1. La práctica de la enseñanza en la formación de docentes - 2. Los sujetos de las prácticas – 3. Una propuesta teórico-metodológica para las prácticas docentes – 4. Articulando ideas para la formación – 5. Para cerrar, un alerta - |
| 590 ## - LOCAL NOTE (RLIN) | |
| Local note | niveau_biblio:m niveau_hierar:0 |
| 700 1# - ADDED ENTRY--PERSONAL NAME | |
| Personal name | Coria, Adela |
| 942 ## - ADDED ENTRY ELEMENTS (KOHA) | |
| Koha item type | |
| Withdrawn status | Lost status | Damaged status | Not for loan | Home library | Current library | Shelving location | Date acquired | Total checkouts | Full call number | Barcode | Date last seen | Price effective from | Koha item type | Public note |
|---|---|---|---|---|---|---|---|---|---|---|---|---|---|---|
| Biblioteca Prof. Eusebio Cleto del Rey | Biblioteca Prof. Eusebio Cleto del Rey | 07/04/2026 | 371.13 E22 | L129255 | 07/04/2026 | 07/04/2026 | Libro | LÁPIZ EN ÚLTIMA PÁGINA - DESDE INICIO A PÁG 32 DOBLADAS EN ESQUINA SUPERIOR |